| 000 | 00475cam a2200205 4500 | ||
|---|---|---|---|
| 001 | D3387 | ||
| 008 | 090401t1979 xxu||||| |||| 00| 0 eng d | ||
| 035 | _a(Sirsi) u73089 | ||
| 041 | _aeng | ||
| 050 | _a692.2 | ||
| 100 | _aElder, A.J. | ||
| 245 | _aGuide to the Building Regulations 1976 | ||
| 250 | _a6th | ||
| 260 |
_aLondon _bThe Architectural Press _c1979 |
||
| 300 | _a220p. 30cm | ||
| 350 | _a8.95 | ||
| 520 | _aShelf 310 | ||
| 942 | _n0 | ||
| 948 | _c04/03/1997 | ||
| 999 |
_c95552 _d95552 |
||